|
|
|
|
| LEADER |
00928naa a2200241 i 4500 |
| 001 |
publ9858 |
| 005 |
20200123145946.0 |
| 008 |
161109s2016 hu o 0|| zxx d |
| 020 |
|
|
|a 978-973-0-22094-0
|
| 024 |
7 |
|
|a 3130233
|2 mtmt
|
| 040 |
|
|
|a SZTE Publicatio Repozitórium
|b hun
|
| 041 |
|
|
|a zxx
|
| 100 |
1 |
|
|a Szanyi János
|
| 245 |
1 |
0 |
|a Sustainability of Szentes Geothermal Field operations
|h [elektronikus dokumentum] /
|c Szanyi János
|
| 260 |
|
|
|a Asociatia Hidrogeologilor din Romania
|c 2016
|
| 300 |
|
|
|a 173-182
|
| 490 |
0 |
|
|a Proceedings of the 2nd IAH-CEG Conference 2015: Groundwater risk assessment in urban areas – Volume of papers and extended abstracts
|
| 700 |
0 |
1 |
|a Bálint András
|e aut
|
| 700 |
0 |
1 |
|a Osvald Máté
|e aut
|
| 700 |
0 |
1 |
|a Kovács Balázs
|e aut
|
| 700 |
0 |
1 |
|a Czinkota Imre
|e aut
|
| 700 |
0 |
1 |
|a Nagygál János
|e aut
|
| 856 |
4 |
0 |
|u http://publicatio.bibl.u-szeged.hu/9858/1/CEGC%20-%20Szentes.pdf
|z Dokumentum-elérés
|